Skip to main content
Your cart is empty.
Your lists
Log in to create your own lists
Your cookies
العربية
English
العربية
Home
Search
Advanced search
Authority search
About
The noble scholar, jurist, historian
His Excellency Dr. Abdul Wahhab bin Ibrahim Abu Sulaiman, may Allah have mercy on him.
He was born in Umm Al-Qura in the year 1356 AH.
Library catalog
Title
Author
Subject
ISBN
ISSN
Series
Call number
Log in to your account
×
Login:
Password:
Home
MARC view: الإفصاح عن معاني الصحاح للوزير العالم ابن هبيرة، وهو، شرح للجمع بين الصحيحين لأبي عبد الله الحميدي الأندلسي /
Normal view
MARC view
ISBD view
الإفصاح عن معاني الصحاح للوزير العالم ابن هبيرة، وهو، شرح للجمع بين الصحيحين لأبي عبد الله الحميدي الأندلسي / (Record no. 8679)
[
view plain
]
MARC details
000 -LEADER
fixed length control field
03050cam a22004451ia4500
003 - CONTROL NUMBER IDENTIFIER
control field
SA-RiAUC
005 - DATE AND TIME OF LATEST TRANSACTION
control field
20250718143457.0
008 - FIXED-LENGTH DATA ELEMENTS--GENERAL INFORMATION
fixed length control field
250222s1993 qa a g b f00100 ara c
020 ## - INTERNATIONAL STANDARD BOOK NUMBER
International Standard Book Number
9992148179
040 ## - CATALOGING SOURCE
Original cataloging agency
SD-KhBAH
Language of cataloging
ara
Transcribing agency
SA-RiAUC
Description conventions
rda
082 04 - DEWEY DECIMAL CLASSIFICATION NUMBER
Classification number
235
Assigning agency
SA-RiAUC
090 ## - LOCALLY ASSIGNED LC-TYPE CALL NUMBER (OCLC); LOCAL CALL NUMBER (RLIN)
Classification number (OCLC) (R) ; Classification number, CALL (RLIN) (NR)
235
Local cutter number (OCLC) ; Book number/undivided call number, CALL (RLIN)
ا ب ن هـ
100 1# - MAIN ENTRY--PERSONAL NAME
Personal name
ابن هبيرة، يحيى بن هبيرة بن محمد،
Dates associated with a name
499-560 هجري
Relator term
مؤلف.
245 12 - TITLE STATEMENT
Title
الإفصاح عن معاني الصحاح للوزير العالم ابن هبيرة، وهو، شرح للجمع بين الصحيحين لأبي عبد الله الحميدي الأندلسي /
Statement of responsibility, etc.
حققة وخرج أحاديثه فؤاد عبد المنعم أحمد.
246 33 - VARYING FORM OF TITLE
Title proper/short title
شرح للجمع بين الصحيحين لأبي عبد الله الحميدي الأندلسي
250 ## - EDITION STATEMENT
Edition statement
الطبعة الاولى.
264 #1 - PRODUCTION, PUBLICATION, DISTRIBUTION, MANUFACTURE, AND COPYRIGHT NOTICE
Place of production, publication, distribution, manufacture
الدوحة :
Name of producer, publisher, distributor, manufacturer
وزارة الأوقاف والشؤون الإسلامية، إدارة الشؤون الإسلامية،
Date of production, publication, distribution, manufacture, or copyright notice
1985
300 ## - PHYSICAL DESCRIPTION
Extent
مجلد :
Other physical details
إيضاحيات ؛
Dimensions
24 سم.
336 ## - CONTENT TYPE
Content type term
نص
Content type code
txt
Source
rdacontent
Materials specified
كتاب
337 ## - MEDIA TYPE
Media type term
بدون وسيط
Media type code
n
Source
rdamedia
338 ## - CARRIER TYPE
Carrier type term
مجلد
Carrier type code
nc
Source
rdacarrier
490 0# - SERIES STATEMENT
Series statement
من ذخائر التراث الإسلامي
500 ## - GENERAL NOTE
General note
يشتمل على كشافات.
500 ## - GENERAL NOTE
General note
اهداء من المحقق فؤاد عبد المنعم أحمد.
504 ## - BIBLIOGRAPHY, ETC. NOTE
Bibliography, etc. note
ببليوجرافية : صفحة 301-306.
650 #7 - SUBJECT ADDED ENTRY--TOPICAL TERM
Topical term or geographic name entry element
صحيح مسلم
General subdivision
شرح
Source of heading or term
aucsh
650 #7 - SUBJECT ADDED ENTRY--TOPICAL TERM
Topical term or geographic name entry element
صحيح البخاري
General subdivision
شرح
Source of heading or term
aucsh
650 #7 - SUBJECT ADDED ENTRY--TOPICAL TERM
Topical term or geographic name entry element
الحديث
General subdivision
الكتب الستة
Source of heading or term
aucsh
650 #7 - SUBJECT ADDED ENTRY--TOPICAL TERM
Topical term or geographic name entry element
الحديث
General subdivision
الإسناد الصحيح
Source of heading or term
aucsh
650 #7 - SUBJECT ADDED ENTRY--TOPICAL TERM
Topical term or geographic name entry element
الفقه الإسلامي
General subdivision
مذاهب
Source of heading or term
aucsh
700 1# - ADDED ENTRY--PERSONAL NAME
Personal name
سلوم، محمد علي
Relator term
محقق.
700 1# - ADDED ENTRY--PERSONAL NAME
Personal name
أحمد، فؤاد عبد المنعم،
Dates associated with a name
1941-
Relator term
محقق.
700 12 - ADDED ENTRY--PERSONAL NAME
Relationship information
تحقيق لـ (عمل) :
Personal name
ابن هبيرة، يحيى بن هبيرة بن محمد،
Dates associated with a name
499-560 هجري.
Title of a work
الإفصاح عن معاني الصحاح للوزير العالم ابن هبيرة : وهو شرح للجمع بين الصحيحين لأبي عبد الله الحميدي الأندلسي
700 12 - ADDED ENTRY--PERSONAL NAME
Relationship information
شرح لـ (عمل) :
Personal name
الحافظ الحميدي، محمد بن فتوح بن عبد الله،
Dates associated with a name
420-488 هجري.
Title of a work
الجمع بين الصحيحين : البخاري ومسلم
700 12 - ADDED ENTRY--PERSONAL NAME
Relationship information
شرح لـ (عمل) :
Personal name
البخاري، محمد بن إسماعيل بن إبراهيم،
Dates associated with a name
194-256 هجري.
Title of a work
الجامع الصحيح المسند المختصر من حديث رسول الله صلى الله عليه وسلم وسننه وأيامه
700 12 - ADDED ENTRY--PERSONAL NAME
Relationship information
شرح لـ (عمل) :
Personal name
الإمام مسلم، مسلم بن الحجاج بن مسلم،
Dates associated with a name
204-261 هجري.
Title of a work
المسند الصحيح المختصر من السنن بنقل العدل عن العدل عن رسول الله صلى الله عليه وسلم
942 ## - ADDED ENTRY ELEMENTS (KOHA)
Source of classification or shelving scheme
Dewey Decimal Classification
Koha item type
Books
Suppress in OPAC
No
949 ## - LOCAL PROCESSING INFORMATION (OCLC)
a
SA-JeALM
d
250222
u
eid123
n
1
Holdings
Withdrawn status
Lost status
Source of classification or shelving scheme
Materials specified (bound volume or other part)
Damaged status
Not for loan
Collection
Home library
Current library
Date acquired
Total checkouts
Full call number
Barcode
Date last seen
Price effective from
Koha item type
Dewey Decimal Classification
الجزء الاول
اهداء
DR AbdElwahab Library
DR AbdElwahab Library
06/03/2025
235 ا ب ن هـ
000013967
06/03/2025
06/03/2025
Books
Dewey Decimal Classification
الجزء الثاني
اهداء
DR AbdElwahab Library
DR AbdElwahab Library
06/03/2025
235 ا ب ن هـ
000013968
06/03/2025
06/03/2025
Books
Dewey Decimal Classification
الجزء الثالث
DR AbdElwahab Library
DR AbdElwahab Library
07/18/2025
235 ا ب ن هـ
000016382
07/18/2025
07/18/2025
Books
Place hold
Print
Add to your cart
(remove)
Save record
BIBTEX
Dublin Core
MARCXML
MARC (non-Unicode/MARC-8)
MARC (Unicode/UTF-8)
MARC (Unicode/UTF-8, Standard)
MODS (XML)
RIS
ISBD
More searches
Search for this title in:
Other Libraries (WorldCat)
Other Databases (Google Scholar)
Online Stores (Bookfinder.com)
Open Library (openlibrary.org)
Exporting to Dublin Core...
×
Simple DC-RDF
OAI-DC
SRW-DC